US State Nicknames - Click Quiz - Statistics

General Stats
  • This quiz has been taken 219 times
  • The average score is 27 of 50
Answer Stats
Hint Answer % Correct
Peach State Georgia
84%
Aloha State Hawaii
80%
Last Frontier Alaska
79%
Grand Canyon State Arizona
78%
Golden State California
78%
Empire State New York
78%
Sunshine State Florida
75%
Lone Star State Texas
75%
Mount Rushmore State South Dakota
70%
Bluegrass State Kentucky
68%
North Star State or land of 10,000 Lakes Minnesota
66%
Wolverine State or Great Lakes State Michigan
65%
First State Delaware
62%
Pelican State Louisiana
60%
Hoosier State Indiana
59%
Garden State New Jersey
58%
Buckeye State Ohio
58%
Sooner State Oklahoma
58%
Silver State Nevada
57%
Hawkeye State Iowa
56%
Volunteer State Tennessee
54%
Green Mountain State Vermont
54%
Show-Me State Missouri
53%
Beaver State Oregon
53%
Cornhusker State Nebraska
52%
Tar Heel State North Carolina
52%
Sunflower State Kansas
51%
The Heart of Dixie Alabama
50%
Constitution State Connecticut
50%
Palmetto State South Carolina
49%
Granite State New Hampshire
48%
Keystone State Pennsylvania
48%
Ocean State Rhode Island
47%
Magnolia State Mississippi
46%
Land of Enchantment New Mexico
46%
Beehive State Utah
46%
The Old Dominion Virginia
46%
Badger State Wisconsin
46%
Vacationland or Pine Tree State Maine
45%
Evergreen State Washington
45%
Gem State Idaho
44%
Bay State Massachusetts
44%
Natural State Arkansas
42%
Centennial State Colorado
42%
Old Line State or Free State Maryland
42%
Mountain State West Virginia
41%
Equality State Wyoming
39%
Prairie State Illinois
36%
Peace Garden State North Dakota
35%
Treasure State Montana
34%
No matching quizzes found
Score Distribution
Percent of People with Each Score
Percentile by Number Answered
Your Score History
You have not taken this quiz